[Event "European Women's Championship"]
[Site "Vysoke Tatry"]
[Date "2018.04.16"]
[Round "8"]
[White "Bulmaga, Irina"]
[Black "Stefanova, Antoaneta"]
[Result "0-1"]
[Board "2"]
[WhiteElo "2414"]
[WhiteTitle "IM"]
[WhiteCountry "ROU"]
[WhiteFideId "13903063"]
[WhiteEloChange "-4"]
[BlackElo "2479"]
[BlackTitle "GM"]
[BlackCountry "FID"]
[BlackFideId "2902257"]
[BlackEloChange "4"]

1. e4 {[%clk 1:30:56]} e5 {[%clk 1:30:56]} 2. Nf3 {[%clk 1:31:20]} Nc6 {[%clk
1:31:21]} 3. d4 {[%clk 1:31:42]} exd4 {[%clk 1:31:44]} 4. Nxd4 {[%clk 1:32:05]}
Qf6 {[%clk 1:31:40]} 5. Nxc6 {[%clk 1:32:14]} Bc5 {[%clk 1:29:23]} 6. Qf3 {[%clk
1:32:24]} dxc6 {[%clk 1:28:00]} 7. Bc4 {[%clk 1:31:49]} Qe7 {[%clk 1:03:10]} 8.
Nc3 {[%clk 1:21:17]} Nf6 {[%clk 0:58:37]} 9. Bg5 {[%clk 1:13:15]} Bd4 {[%clk
0:53:51]} 10. O-O {[%clk 0:52:32]} O-O {[%clk 0:42:38]} 11. Bd3 {[%clk 0:44:18]}
Re8 {[%clk 0:33:41]} 12. Rae1 {[%clk 0:31:52]} Be5 {[%clk 0:23:42]} 13. Bf4
{[%clk 0:28:44]} Ng4 {[%clk 0:23:14]} 14. Bxe5 {[%clk 0:25:05]} Nxe5 {[%clk
0:23:34]} 15. Qg3 {[%clk 0:22:57]} Qb4 {[%clk 0:21:55]} 16. Be2 {[%clk 0:15:32]}
b5 {[%clk 0:17:52]} 17. f4 {[%clk 0:14:51]} Nc4 {[%clk 0:16:34]} 18. Bxc4 {[%clk
0:13:30]} Qxc4 {[%clk 0:16:34]} 19. b3 {[%clk 0:13:03]} Qd4+ {[%clk 0:04:19]} 20.
Kh1 {[%clk 0:12:55]} b4 {[%clk 0:03:48]} 21. Ne2 {[%clk 0:12:01]} Qc5 {[%clk
0:03:38]} 22. f5 {[%clk 0:06:32]} Rxe4 {[%clk 0:02:59]} 23. f6 {[%clk 0:04:51]}
g6 {[%clk 0:02:47]} 24. Nd4 {[%clk 0:03:58]} Rxe1 {[%clk 0:02:01]} 25. Rxe1
{[%clk 0:04:20]} Bd7 {[%clk 0:01:48]} 26. Qh4 {[%clk 0:03:09]} h5 {[%clk
0:01:45]} 27. Re7 {[%clk 0:01:48]} Bg4 {[%clk 0:00:47]} 28. Qe1 {[%clk 0:01:36]}
Rf8 {[%clk 0:00:48]} 29. Qe3 {[%clk 0:00:59]} Qd6 {[%clk 0:00:50]} 30. h3 {[%clk
0:00:53]} Bc8 {[%clk 0:00:44]} 31. Re8 {[%clk 0:00:33]} Qxf6 {[%clk 0:00:50]} 32.
Qe4 {[%clk 0:00:32]} c5 {[%clk 0:00:45]} 33. Nc6 {[%clk 0:00:47]} Be6 {[%clk
0:00:42]} 34. Rxf8+ {[%clk 0:00:36]} Kxf8 {[%clk 0:01:11]} 35. Nxa7 {[%clk
0:00:43]} Qa1+ {[%clk 0:01:14]} 36. Kh2 {[%clk 0:01:12]} Qxa2 {[%clk 0:01:37]}
37. Nb5 {[%clk 0:01:03]} Qa6 {[%clk 0:01:24]} 38. Qd3 {[%clk 0:01:26]} Ke7 {[%clk
0:01:03]} 39. g3 {[%clk 0:00:46]} Qb6 {[%clk 0:01:10]} 40. h4 {[%clk 0:30:37]}
Qb8 {[%clk 0:31:05]} 41. c4 {[%clk 0:22:26]} c6 {[%clk 0:24:20]} 42. Qe3 {[%clk
0:22:22]} cxb5 {[%clk 0:22:28]} 43. Qxc5+ {[%clk 0:21:52]} Qd6 {[%clk 0:21:47]}
44. Qxb5 {[%clk 0:19:43]} Qd2+ {[%clk 0:20:55]} 45. Kg1 {[%clk 0:20:07]} Kf6
{[%clk 0:20:30]} 0-1

[Event "European Women's Championship"]
[Site "Vysoke Tatry"]
[Date "2018.04.16"]
[Round "8"]
[White "Ushenina, Anna"]
[Black "Danielian, Elina"]
[Result "1-0"]
[Board "3"]
[WhiteElo "2422"]
[WhiteTitle "GM"]
[WhiteCountry "UKR"]
[WhiteFideId "14110911"]
[WhiteEloChange "5"]
[BlackElo "2410"]
[BlackTitle "GM"]
[BlackCountry "ARM"]
[BlackFideId "13300210"]
[BlackEloChange "-5"]

1. d4 {[%clk 1:30:55]} Nf6 {[%clk 1:30:55]} 2. c4 {[%clk 1:31:03]} e6 {[%clk
1:31:18]} 3. Nf3 {[%clk 1:31:14]} b6 {[%clk 1:31:23]} 4. g3 {[%clk 1:31:32]} Bb7
{[%clk 1:31:30]} 5. Bg2 {[%clk 1:31:54]} Be7 {[%clk 1:31:28]} 6. O-O {[%clk
1:24:36]} O-O {[%clk 1:31:46]} 7. Nc3 {[%clk 1:19:57]} Ne4 {[%clk 1:31:56]} 8.
Bd2 {[%clk 1:20:23]} Bf6 {[%clk 1:30:58]} 9. Be1 {[%clk 1:11:30]} Na6 {[%clk
1:09:38]} 10. Qc2 {[%clk 0:52:49]} Nb4 {[%clk 0:44:25]} 11. Qb3 {[%clk 0:38:54]}
a5 {[%clk 0:40:56]} 12. a3 {[%clk 0:39:06]} Nxc3 {[%clk 0:39:14]} 13. bxc3 {[%clk
0:33:12]} Na6 {[%clk 0:37:12]} 14. Qb1 {[%clk 0:30:35]} d5 {[%clk 0:37:24]} 15.
cxd5 {[%clk 0:28:11]} exd5 {[%clk 0:37:09]} 16. Bd2 {[%clk 0:25:35]} Re8 {[%clk
0:36:26]} 17. Re1 {[%clk 0:26:00]} c5 {[%clk 0:27:03]} 18. h4 {[%clk 0:24:01]}
Bc6 {[%clk 0:23:48]} 19. Bg5 {[%clk 0:20:52]} Rb8 {[%clk 0:19:57]} 20. Ne5 {[%clk
0:19:38]} Re6 {[%clk 0:04:23]} 21. Nxc6 {[%clk 0:14:41]} Rxc6 {[%clk 0:04:50]}
22. Qb5 {[%clk 0:14:50]} Bxg5 {[%clk 0:03:41]} 23. Qxc6 {[%clk 0:12:48]} Bd2
{[%clk 0:04:07]} 24. Red1 {[%clk 0:12:40]} Bxc3 {[%clk 0:04:34]} 25. Rab1 {[%clk
0:13:08]} cxd4 {[%clk 0:04:18]} 26. e3 {[%clk 0:10:33]} Qc7 {[%clk 0:02:04]} 27.
Qxc7 {[%clk 0:09:32]} Nxc7 {[%clk 0:02:32]} 28. exd4 {[%clk 0:09:58]} b5 {[%clk
0:02:59]} 29. Rdc1 {[%clk 0:09:53]} b4 {[%clk 0:02:26]} 30. Rxc3 {[%clk 0:10:16]}
Nb5 {[%clk 0:02:53]} 31. Rd3 {[%clk 0:10:33]} 1-0

[Event "European Women's Championship"]
[Site "Vysoke Tatry"]
[Date "2018.04.16"]
[Round "8"]
[White "Muzychuk, Mariya"]
[Black "Kulon, Klaudia"]
[Result "0-1"]
[Board "4"]
[WhiteElo "2540"]
[WhiteTitle "GM"]
[WhiteCountry "UKR"]
[WhiteFideId "14114550"]
[WhiteEloChange "-8"]
[BlackElo "2319"]
[BlackTitle "WGM"]
[BlackCountry "POL"]
[BlackFideId "1131044"]
[BlackEloChange "16"]

1. e4 {[%clk 1:30:55]} c5 {[%clk 1:30:56]} 2. Nf3 {[%clk 1:30:44]} d6 {[%clk
1:31:21]} 3. c3 {[%clk 1:30:52]} Nf6 {[%clk 1:31:42]} 4. Be2 {[%clk 1:31:08]} g6
{[%clk 1:32:07]} 5. O-O {[%clk 1:31:28]} Bg7 {[%clk 1:32:32]} 6. Bb5+ {[%clk
1:31:43]} Bd7 {[%clk 1:32:57]} 7. Bxd7+ {[%clk 1:32:09]} Nbxd7 {[%clk 1:33:22]}
8. Re1 {[%clk 1:32:22]} O-O {[%clk 1:33:46]} 9. d4 {[%clk 1:32:21]} Rc8 {[%clk
1:34:11]} 10. d5 {[%clk 1:30:50]} c4 {[%clk 1:31:54]} 11. Na3 {[%clk 1:25:20]} a6
{[%clk 1:29:19]} 12. Bg5 {[%clk 1:17:46]} h6 {[%clk 1:26:30]} 13. Bh4 {[%clk
1:17:42]} Ne5 {[%clk 1:14:58]} 14. Nxe5 {[%clk 1:16:06]} dxe5 {[%clk 1:15:26]}
15. b3 {[%clk 1:08:42]} b5 {[%clk 1:01:41]} 16. bxc4 {[%clk 1:07:39]} Qa5 {[%clk
1:01:20]} 17. Qb3 {[%clk 1:04:54]} bxc4 {[%clk 1:01:21]} 18. Nxc4 {[%clk
1:02:14]} Qc7 {[%clk 1:01:43]} 19. Bxf6 {[%clk 0:52:57]} Bxf6 {[%clk 1:01:03]}
20. Nb6 {[%clk 0:53:05]} Rb8 {[%clk 0:59:18]} 21. Rab1 {[%clk 0:53:27]} Bg5
{[%clk 0:56:10]} 22. Red1 {[%clk 0:44:07]} Rfd8 {[%clk 0:45:17]} 23. Qc4 {[%clk
0:42:00]} Qd6 {[%clk 0:43:46]} 24. Qxa6 {[%clk 0:35:48]} f5 {[%clk 0:38:31]} 25.
exf5 {[%clk 0:32:17]} e4 {[%clk 0:37:08]} 26. a4 {[%clk 0:14:29]} e3 {[%clk
0:34:15]} 27. a5 {[%clk 0:14:46]} exf2+ {[%clk 0:34:13]} 28. Kh1 {[%clk 0:15:03]}
Rf8 {[%clk 0:29:56]} 29. fxg6 {[%clk 0:13:41]} Bf4 {[%clk 0:22:20]} 30. Qd3
{[%clk 0:07:02]} Bxh2 {[%clk 0:21:50]} 31. Qh3 {[%clk 0:04:00]} Bf4 {[%clk
0:22:14]} 32. Rb2 {[%clk 0:03:42]} Bg3 {[%clk 0:16:28]} 33. Rf1 {[%clk 0:03:14]}
Qxg6 {[%clk 0:16:41]} 34. Rb4 {[%clk 0:03:21]} Qd3 {[%clk 0:14:41]} 35. Qe6+
{[%clk 0:02:15]} Kh7 {[%clk 0:14:54]} 36. Qe4+ {[%clk 0:00:43]} Qxe4 {[%clk
0:15:20]} 37. Rxe4 {[%clk 0:01:11]} Rf5 {[%clk 0:15:45]} 38. Rh4 {[%clk 0:01:28]}
Bxh4 {[%clk 0:16:09]} 39. g4 {[%clk 0:01:43]} Re5 {[%clk 0:15:41]} 40. Kg2 {[%clk
0:31:09]} Re1 {[%clk 0:45:46]} 41. c4 {[%clk 0:31:24]} Rg8 {[%clk 0:45:57]} 0-1

[Event "European Women's Championship"]
[Site "Vysoke Tatry"]
[Date "2018.04.16"]
[Round "8"]
[White "Mammadzada, Gunay"]
[Black "Goryachkina, Aleksandra"]
[Result "1/2-1/2"]
[Board "5"]
[WhiteElo "2392"]
[WhiteTitle "IM"]
[WhiteCountry "AZE"]
[WhiteFideId "13403729"]
[WhiteEloChange "3"]
[BlackElo "2495"]
[BlackTitle "WGM"]
[BlackCountry "RUS"]
[BlackFideId "4147103"]
[BlackEloChange "-1"]

1. e4 {[%clk 1:30:56]} c6 {[%clk 1:30:55]} 2. d4 {[%clk 1:31:15]} d5 {[%clk
1:31:19]} 3. Nc3 {[%clk 1:31:32]} dxe4 {[%clk 1:31:39]} 4. Nxe4 {[%clk 1:31:59]}
Bf5 {[%clk 1:31:40]} 5. Ng3 {[%clk 1:32:24]} Bg6 {[%clk 1:32:03]} 6. h4 {[%clk
1:32:42]} h6 {[%clk 1:32:19]} 7. Nf3 {[%clk 1:33:05]} Nd7 {[%clk 1:32:07]} 8. h5
{[%clk 1:33:21]} Bh7 {[%clk 1:32:17]} 9. Bd3 {[%clk 1:33:36]} Bxd3 {[%clk
1:32:32]} 10. Qxd3 {[%clk 1:33:58]} e6 {[%clk 1:32:44]} 11. Bd2 {[%clk 1:33:09]}
Ngf6 {[%clk 1:32:32]} 12. O-O-O {[%clk 1:33:20]} Be7 {[%clk 1:32:28]} 13. Ne4
{[%clk 1:33:08]} Nxe4 {[%clk 1:31:28]} 14. Qxe4 {[%clk 1:33:30]} Nf6 {[%clk
1:31:41]} 15. Qe2 {[%clk 1:30:14]} Qd5 {[%clk 1:30:30]} 16. Kb1 {[%clk 1:28:28]}
Qb5 {[%clk 1:29:56]} 17. c4 {[%clk 1:19:02]} Qf5+ {[%clk 1:29:23]} 18. Ka1 {[%clk
1:18:43]} O-O-O {[%clk 1:28:41]} 19. Rde1 {[%clk 1:00:32]} Rhe8 {[%clk 1:19:12]}
20. Ne5 {[%clk 0:38:11]} Rxd4 {[%clk 1:06:19]} 21. f3 {[%clk 0:37:21]} Bd6 {[%clk
1:01:41]} 22. Nxf7 {[%clk 0:32:46]} Bg3 {[%clk 0:57:07]} 23. Bc3 {[%clk 0:28:36]}
Rd7 {[%clk 0:53:37]} 24. Ne5 {[%clk 0:27:48]} Bxe1 {[%clk 0:50:50]} 25. Rxe1
{[%clk 0:27:14]} Rdd8 {[%clk 0:48:13]} 26. g4 {[%clk 0:25:43]} Qf4 {[%clk
0:42:31]} 27. Nf7 {[%clk 0:23:37]} Rd7 {[%clk 0:29:42]} 28. Be5 {[%clk 0:20:46]}
Qd2 {[%clk 0:29:29]} 29. Qxd2 {[%clk 0:20:59]} Rxd2 {[%clk 0:29:55]} 30. Nd6+
{[%clk 0:21:18]} Kd8 {[%clk 0:24:03]} 31. Nxe8 {[%clk 0:19:57]} Kxe8 {[%clk
0:23:59]} 32. Kb1 {[%clk 0:18:14]} Kf7 {[%clk 0:21:03]} 33. Kc1 {[%clk 0:10:16]}
Rd3 {[%clk 0:18:08]} 34. Rf1 {[%clk 0:09:31]} Nd7 {[%clk 0:15:31]} 35. Bc3 {[%clk
0:08:54]} e5 {[%clk 0:14:33]} 36. Kc2 {[%clk 0:08:08]} Rd6 {[%clk 0:14:43]} 37.
Re1 {[%clk 0:07:55]} Rf6 {[%clk 0:13:48]} 38. Re3 {[%clk 0:07:33]} Rf4 {[%clk
0:12:42]} 39. b3 {[%clk 0:05:14]} e4 {[%clk 0:04:27]} 40. fxe4 {[%clk 0:30:32]}
Rxg4 {[%clk 0:34:16]} 41. Bd4 {[%clk 0:22:18]} c5 {[%clk 0:30:00]} 42. Bc3 {[%clk
0:18:24]} Nf6 {[%clk 0:27:58]} 43. Bxf6 {[%clk 0:17:03]} Kxf6 {[%clk 0:28:22]}
44. Kd3 {[%clk 0:12:33]} Rg5 {[%clk 0:25:45]} 45. Rf3+ {[%clk 0:11:33]} Ke6
{[%clk 0:25:51]} 46. Rh3 {[%clk 0:10:46]} b6 {[%clk 0:23:10]} 47. Ke3 {[%clk
0:10:24]} Ke5 {[%clk 0:23:17]} 48. Kf3 {[%clk 0:09:20]} Rg1 {[%clk 0:22:36]} 49.
Rh4 {[%clk 0:09:24]} a5 {[%clk 0:20:46]} 50. Rh2 {[%clk 0:08:57]} Rf1+ {[%clk
0:19:52]} 51. Ke2 {[%clk 0:07:32]} Rf4 {[%clk 0:17:35]} 52. Rg2 {[%clk 0:08:01]}
Rxe4+ {[%clk 0:17:58]} 53. Kd3 {[%clk 0:08:05]} Rh4 {[%clk 0:10:14]} 54. Rxg7
{[%clk 0:07:24]} Rh3+ {[%clk 0:10:20]} 55. Kc2 {[%clk 0:07:10]} Rh2+ {[%clk
0:07:50]} 56. Kc3 {[%clk 0:07:30]} Rxh5 {[%clk 0:08:08]} 57. Rg6 {[%clk 0:05:38]}
Rh3+ {[%clk 0:08:26]} 58. Kb2 {[%clk 0:06:08]} a4 {[%clk 0:05:09]} 59. Rxb6
{[%clk 0:04:49]} axb3 {[%clk 0:04:42]} 60. axb3 {[%clk 0:05:11]} Rh2+ {[%clk
0:04:13]} 61. Kc3 {[%clk 0:05:20]} Rh3+ {[%clk 0:04:23]} 1/2-1/2

[Event "European Women's Championship"]
[Site "Vysoke Tatry"]
[Date "2018.04.16"]
[Round "8"]
[White "Paehtz, Elisabeth"]
[Black "Voit, Daria"]
[Result "1-0"]
[Board "6"]
[WhiteElo "2468"]
[WhiteTitle "IM"]
[WhiteCountry "GER"]
[WhiteFideId "4641833"]
[WhiteEloChange "4"]
[BlackElo "2388"]
[BlackTitle "FM"]
[BlackCountry "RUS"]
[BlackFideId "4182146"]
[BlackEloChange "-8"]

1. d4 {[%clk 1:30:22]} Nf6 {[%clk 1:30:55]} 2. Nf3 {[%clk 1:30:41]} e6 {[%clk
1:31:19]} 3. Bf4 {[%clk 1:31:07]} c5 {[%clk 1:31:42]} 4. e3 {[%clk 1:31:33]} Nc6
{[%clk 1:32:03]} 5. c3 {[%clk 1:31:48]} d5 {[%clk 1:32:28]} 6. Nbd2 {[%clk
1:31:32]} Bd6 {[%clk 1:32:55]} 7. Bg3 {[%clk 1:31:59]} O-O {[%clk 1:33:11]} 8.
Bd3 {[%clk 1:32:26]} b6 {[%clk 1:33:33]} 9. e4 {[%clk 1:32:47]} dxe4 {[%clk
1:22:17]} 10. Nxe4 {[%clk 1:32:51]} Nxe4 {[%clk 1:16:21]} 11. Bxe4 {[%clk
1:33:17]} Bb7 {[%clk 1:16:30]} 12. Qa4 {[%clk 1:33:43]} Na5 {[%clk 0:46:26]} 13.
dxc5 {[%clk 1:25:49]} Bxc5 {[%clk 0:43:07]} 14. Rd1 {[%clk 1:19:55]} Qc8 {[%clk
0:37:46]} 15. O-O {[%clk 0:52:09]} Be7 {[%clk 0:28:56]} 16. Ne5 {[%clk 0:48:44]}
Bxe4 {[%clk 0:17:24]} 17. Qxe4 {[%clk 0:49:09]} Nb7 {[%clk 0:17:33]} 18. Nc6
{[%clk 0:39:29]} Re8 {[%clk 0:17:28]} 19. b4 {[%clk 0:38:06]} Nd8 {[%clk
0:12:55]} 20. Nd4 {[%clk 0:34:46]} Qb7 {[%clk 0:12:24]} 21. Qxb7 {[%clk 0:25:03]}
Nxb7 {[%clk 0:12:51]} 22. Nb5 {[%clk 0:22:53]} Red8 {[%clk 0:12:24]} 23. Rxd8+
{[%clk 0:23:13]} Nxd8 {[%clk 0:08:47]} 24. Rd1 {[%clk 0:22:42]} Nc6 {[%clk
0:08:59]} 25. Kf1 {[%clk 0:19:32]} Rd8 {[%clk 0:06:15]} 26. Rxd8+ {[%clk
0:19:45]} Bxd8 {[%clk 0:06:43]} 27. Ke2 {[%clk 0:19:31]} Kf8 {[%clk 0:06:29]} 28.
Nd6 {[%clk 0:18:36]} a6 {[%clk 0:03:29]} 29. a4 {[%clk 0:18:01]} Ke7 {[%clk
0:02:58]} 30. Nc4 {[%clk 0:13:33]} f6 {[%clk 0:02:25]} 31. Kd3 {[%clk 0:11:55]}
Kd7 {[%clk 0:02:41]} 32. f3 {[%clk 0:06:20]} Ne7 {[%clk 0:02:58]} 33. b5 {[%clk
0:04:50]} axb5 {[%clk 0:02:45]} 34. axb5 {[%clk 0:05:15]} Nd5 {[%clk 0:02:02]}
35. Nb2 {[%clk 0:04:09]} Bc7 {[%clk 0:00:58]} 36. Na4 {[%clk 0:04:01]} Bxg3
{[%clk 0:00:55]} 37. hxg3 {[%clk 0:04:27]} Kc7 {[%clk 0:01:21]} 38. c4 {[%clk
0:04:17]} Ne7 {[%clk 0:01:04]} 39. g4 {[%clk 0:02:57]} Ng6 {[%clk 0:01:23]} 40.
Kd4 {[%clk 0:31:32]} Nh4 {[%clk 0:30:59]} 41. c5 {[%clk 0:29:50]} Nxg2 {[%clk
0:20:09]} 42. Nxb6 {[%clk 0:26:26]} Nf4 {[%clk 0:16:59]} 43. Ke4 {[%clk 0:22:16]}
Ne2 {[%clk 0:15:48]} 44. Na4 {[%clk 0:16:19]} g6 {[%clk 0:15:45]} 45. c6 {[%clk
0:14:21]} h5 {[%clk 0:15:43]} 46. Ke3 {[%clk 0:14:03]} Nc1 {[%clk 0:14:09]} 47.
gxh5 {[%clk 0:11:39]} gxh5 {[%clk 0:14:36]} 48. Nc5 {[%clk 0:12:06]} e5 {[%clk
0:08:36]} 49. Ne6+ {[%clk 0:04:50]} Kc8 {[%clk 0:05:18]} 50. b6 {[%clk 0:05:01]}
Nb3 {[%clk 0:05:40]} 51. b7+ {[%clk 0:05:06]} Kb8 {[%clk 0:06:05]} 52. Nf8 {[%clk
0:05:27]} 1-0

[Event "European Women's Championship"]
[Site "Vysoke Tatry"]
[Date "2018.04.16"]
[Round "8"]
[White "Atalik, Ekaterina"]
[Black "Schleining, Zoya"]
[Result "1-0"]
[Board "7"]
[WhiteElo "2452"]
[WhiteTitle "IM"]
[WhiteCountry "TUR"]
[WhiteFideId "4130189"]
[WhiteEloChange "4"]
[BlackElo "2382"]
[BlackTitle "IM"]
[BlackCountry "GER"]
[BlackFideId "4671660"]
[BlackEloChange "-8"]

1. d4 {[%clk 1:30:56]} Nf6 {[%clk 1:30:55]} 2. c4 {[%clk 1:30:54]} g6 {[%clk
1:31:17]} 3. Nc3 {[%clk 1:30:42]} Bg7 {[%clk 1:31:40]} 4. e4 {[%clk 1:30:55]} O-O
{[%clk 1:31:59]} 5. Be2 {[%clk 1:30:36]} d6 {[%clk 1:32:06]} 6. h4 {[%clk
1:30:30]} e5 {[%clk 1:27:46]} 7. d5 {[%clk 1:28:33]} h5 {[%clk 1:16:40]} 8. Nf3
{[%clk 1:26:17]} Ng4 {[%clk 1:11:25]} 9. Ng5 {[%clk 1:22:56]} f5 {[%clk 1:11:01]}
10. exf5 {[%clk 1:19:15]} gxf5 {[%clk 1:08:45]} 11. f3 {[%clk 1:15:46]} Nf6
{[%clk 1:07:13]} 12. Qc2 {[%clk 1:14:21]} Qe7 {[%clk 1:02:34]} 13. Be3 {[%clk
1:08:35]} Na6 {[%clk 0:56:25]} 14. O-O-O {[%clk 1:02:08]} Nb4 {[%clk 0:55:38]}
15. Qb3 {[%clk 1:00:30]} a5 {[%clk 0:55:28]} 16. a3 {[%clk 0:55:10]} Na6 {[%clk
0:54:37]} 17. Qc2 {[%clk 0:54:16]} Bh6 {[%clk 0:50:03]} 18. Rde1 {[%clk 0:48:50]}
Bd7 {[%clk 0:43:28]} 19. Bd3 {[%clk 0:42:36]} Nh7 {[%clk 0:40:17]} 20. Kb1 {[%clk
0:40:10]} Nc5 {[%clk 0:32:17]} 21. Ne6 {[%clk 0:32:32]} Nxe6 {[%clk 0:28:49]} 22.
Bxh6 {[%clk 0:31:39]} Ng7 {[%clk 0:26:18]} 23. g4 {[%clk 0:29:31]} Qf6 {[%clk
0:24:06]} 24. g5 {[%clk 0:28:27]} Qg6 {[%clk 0:24:14]} 25. c5 {[%clk 0:27:34]}
Rf7 {[%clk 0:21:48]} 26. Qb3 {[%clk 0:25:01]} Bc8 {[%clk 0:19:05]} 27. cxd6
{[%clk 0:25:02]} Qxd6 {[%clk 0:18:21]} 28. Nb5 {[%clk 0:23:35]} Qb6 {[%clk
0:17:28]} 29. Qc3 {[%clk 0:21:13]} e4 {[%clk 0:15:35]} 30. Bc4 {[%clk 0:20:20]}
Nf8 {[%clk 0:15:02]} 31. fxe4 {[%clk 0:17:03]} fxe4 {[%clk 0:13:21]} 32. Rhf1
{[%clk 0:17:08]} Nf5 {[%clk 0:11:33]} 33. Bxf8 {[%clk 0:15:55]} Bd7 {[%clk
0:10:12]} 34. d6 {[%clk 0:14:42]} Rxf8 {[%clk 0:10:23]} 35. g6 {[%clk 0:14:36]}
1-0

[Event "European Women's Championship"]
[Site "Vysoke Tatry"]
[Date "2018.04.16"]
[Round "8"]
[White "Shvayger, Yuliya"]
[Black "Ziaziulkina, Nastassia"]
[Result "1/2-1/2"]
[Board "8"]
[WhiteElo "2404"]
[WhiteTitle "IM"]
[WhiteCountry "ISR"]
[WhiteFideId "14100126"]
[WhiteEloChange "-1"]
[BlackElo "2363"]
[BlackTitle "IM"]
[BlackCountry "BLR"]
[BlackFideId "13505211"]
[BlackEloChange "1"]

1. d4 {[%clk 1:30:55]} d5 {[%clk 1:30:53]} 2. c4 {[%clk 1:30:56]} c6 {[%clk
1:31:16]} 3. Nf3 {[%clk 1:30:48]} Nf6 {[%clk 1:31:32]} 4. Nbd2 {[%clk 1:31:08]}
Bf5 {[%clk 1:24:05]} 5. g3 {[%clk 1:31:08]} e6 {[%clk 1:23:13]} 6. Bg2 {[%clk
1:31:28]} Nbd7 {[%clk 1:21:21]} 7. O-O {[%clk 1:31:44]} Bd6 {[%clk 1:19:08]} 8.
b3 {[%clk 1:29:58]} O-O {[%clk 1:16:51]} 9. Bb2 {[%clk 1:30:22]} Qe7 {[%clk
1:14:56]} 10. Re1 {[%clk 1:27:47]} Ba3 {[%clk 1:06:45]} 11. Qc1 {[%clk 1:26:15]}
Bxb2 {[%clk 1:07:10]} 12. Qxb2 {[%clk 1:26:41]} Ne4 {[%clk 1:05:40]} 13. Nh4
{[%clk 1:10:40]} Qb4 {[%clk 0:58:11]} 14. Nxf5 {[%clk 1:02:21]} exf5 {[%clk
0:54:41]} 15. Rad1 {[%clk 1:00:57]} Ndf6 {[%clk 0:41:26]} 16. f3 {[%clk 0:52:13]}
Ng5 {[%clk 0:34:12]} 17. a3 {[%clk 0:43:30]} Qb6 {[%clk 0:31:56]} 18. e3 {[%clk
0:43:21]} Rfe8 {[%clk 0:31:20]} 19. Qc2 {[%clk 0:40:02]} g6 {[%clk 0:31:12]} 20.
cxd5 {[%clk 0:39:51]} cxd5 {[%clk 0:30:31]} 21. Rc1 {[%clk 0:40:10]} Ne6 {[%clk
0:28:32]} 22. a4 {[%clk 0:36:39]} Re7 {[%clk 0:28:25]} 23. Qd3 {[%clk 0:27:59]}
Rae8 {[%clk 0:27:33]} 24. Kf2 {[%clk 0:28:21]} Qb4 {[%clk 0:27:06]} 25. Red1
{[%clk 0:27:21]} Nd8 {[%clk 0:24:45]} 26. Nf1 {[%clk 0:25:45]} Nc6 {[%clk
0:24:33]} 27. Rc5 {[%clk 0:25:23]} Qb6 {[%clk 0:22:07]} 28. Rdc1 {[%clk 0:19:10]}
a6 {[%clk 0:22:06]} 29. R5c3 {[%clk 0:15:34]} 1/2-1/2

[Event "European Women's Championship"]
[Site "Vysoke Tatry"]
[Date "2018.04.16"]
[Round "8"]
[White "Unuk, Laura"]
[Black "Sebag, Marie"]
[Result "1-0"]
[Board "9"]
[WhiteElo "2329"]
[WhiteTitle "WIM"]
[WhiteCountry "SLO"]
[WhiteFideId "14609215"]
[WhiteEloChange "14"]
[BlackElo "2492"]
[BlackTitle "GM"]
[BlackCountry "FRA"]
[BlackFideId "617822"]
[BlackEloChange "-7"]

1. d4 {[%clk 1:30:57]} d5 {[%clk 1:30:56]} 2. c4 {[%clk 1:31:21]} c6 {[%clk
1:31:22]} 3. Nc3 {[%clk 1:31:37]} Nf6 {[%clk 1:31:40]} 4. e3 {[%clk 1:31:50]} e6
{[%clk 1:31:47]} 5. Nf3 {[%clk 1:32:00]} Nbd7 {[%clk 1:31:56]} 6. Qc2 {[%clk
1:32:20]} Bd6 {[%clk 1:31:24]} 7. b3 {[%clk 1:32:27]} O-O {[%clk 1:30:03]} 8. Be2
{[%clk 1:32:38]} b6 {[%clk 1:25:59]} 9. O-O {[%clk 1:29:48]} Bb7 {[%clk 1:26:05]}
10. Bb2 {[%clk 1:30:05]} Qe7 {[%clk 1:25:28]} 11. Rad1 {[%clk 1:29:28]} Rad8
{[%clk 1:22:49]} 12. Rfe1 {[%clk 1:29:45]} Rfe8 {[%clk 1:23:03]} 13. Bf1 {[%clk
1:30:01]} e5 {[%clk 1:15:03]} 14. dxe5 {[%clk 1:28:25]} Nxe5 {[%clk 1:15:24]} 15.
Nd4 {[%clk 1:28:33]} dxc4 {[%clk 1:10:02]} 16. Nf5 {[%clk 1:28:10]} Qe6 {[%clk
1:08:33]} 17. Nxd6 {[%clk 1:27:45]} Rxd6 {[%clk 1:08:02]} 18. Rxd6 {[%clk
1:27:36]} Qxd6 {[%clk 1:08:09]} 19. Rd1 {[%clk 1:27:43]} cxb3 {[%clk 0:35:45]}
20. axb3 {[%clk 1:27:05]} Qe7 {[%clk 0:30:55]} 21. Ne4 {[%clk 1:17:22]} Nd5
{[%clk 0:30:25]} 22. Ng3 {[%clk 1:10:44]} g6 {[%clk 0:26:29]} 23. Qc1 {[%clk
0:56:11]} f6 {[%clk 0:17:27]} 24. e4 {[%clk 0:48:05]} Nc7 {[%clk 0:17:37]} 25. f4
{[%clk 0:45:54]} Nf7 {[%clk 0:16:27]} 26. Qa1 {[%clk 0:32:22]} f5 {[%clk
0:08:37]} 27. Bc4 {[%clk 0:23:19]} b5 {[%clk 0:06:46]} 28. Nxf5 {[%clk 0:17:09]}
gxf5 {[%clk 0:05:25]} 29. Bh8 {[%clk 0:16:19]} Qc5+ {[%clk 0:02:25]} 30. Kh1
{[%clk 0:15:56]} Qf8 {[%clk 0:02:30]} 31. Rd3 {[%clk 0:15:25]} Re6 {[%clk
0:02:44]} 32. Bxe6 {[%clk 0:15:09]} Nxe6 {[%clk 0:03:08]} 33. Rg3+ {[%clk
0:15:05]} Neg5 {[%clk 0:03:04]} 34. Bf6 {[%clk 0:14:36]} h6 {[%clk 0:01:49]} 35.
exf5 {[%clk 0:12:07]} Nd6 {[%clk 0:01:46]} 36. fxg5 {[%clk 0:10:08]} Ne4 {[%clk
0:01:56]} 37. Re3 {[%clk 0:10:26]} c5 {[%clk 0:01:52]} 38. Qe5 {[%clk 0:08:57]}
hxg5 {[%clk 0:01:32]} 39. Be7 {[%clk 0:07:31]} Qg7 {[%clk 0:01:39]} 40. f6 {[%clk
0:36:09]} Qh7 {[%clk 0:31:35]} 41. Kg1 {[%clk 0:30:08]} Qh4 {[%clk 0:25:27]} 42.
Qe6+ {[%clk 0:29:56]} Kh8 {[%clk 0:25:46]} 43. Rh3 {[%clk 0:30:17]} 1-0